| 000 | 01282 a2200217 4500 | ||
|---|---|---|---|
| 003 | MN-UlNLM | ||
| 005 | 20220826132434.0 | ||
| 008 | a130t2005 mp ||||| |||| 00| 0 mon d | ||
| 040 | _aМонгол Улсын Үндэсний номын сан | ||
| 084 |
_a82.3(5Мон) _2NNA _bМ 692 _q82 |
||
| 245 | 0 |
_aМонгол ардын домогт харилцаа дуу _cЭмхт. Т.Батхуяг. |
|
| 250 | _a1 | ||
| 260 | 1 |
_c2005 _aУБ _bСоёмбо принтинг |
|
| 300 | _a60х | ||
| 546 | _aMongolia | ||
| 653 |
_aАрдын аман зохиол, утга зохиол _aМонгол ардын аман зохиол _aДомогт дуу |
||
| 740 |
_aЮндэн гөөгөө. _aЭрүү цагаан болжмор. _aӨвгөн шувуу. _aЖийжүү хот. _aШаргын говийн ялаа. _aСумъяа ноён. _aВанлий. _aСийлэнбүүр. _aСүнжидмаа. _aГалуу хун хоёр. _aЖаавай. _aШалзат баахан шарга. _aЛам чөтгөр хоёр. _aДөрвөн уул. _aТорой банди. _aДанаабал. _aТиана хүү. _aДүйнхэр Да лам. _aАргагүй амраг. _aГандан уулын цэцэг. _aХулсан ташуур. |
||
| 856 | _aprintbook | ||
| 942 | _cBK | ||
| 999 |
_c67385 _d67385 |
||